[Event "CRO-ch U17"]
[Site "Split"]
[Date "2021.07.26"]
[Round "2"]
[White "Mudrinic, Aleksandar"]
[Black "Troselj, Ivan"]
[Result "1-0"]
[WhiteElo "1728"]
[BlackElo "2030"]
[PlyCount "95"]
[EventDate "2021.07.25"]
[EventType "swiss"]
[EventRounds "9"]
[EventCountry "CRO"]
[SourceTitle "EXT 2022"]
[Source "ChessBase"]
[SourceDate "2021.10.06"]
[SourceVersion "1"]
[SourceVersionDate "2021.10.06"]
[SourceQuality "1"]

1. e4 c6 2. d4 d5 3. e5 c5 4. c3 Nc6 5. Nf3 Bg4 6. Be2 e6 7. 0-0 Qb6 8. Nbd2 Be7 9. Qa4 Nh6 10. Nb3 Nf5 11. dxc5 Bxc5 12. Qxg4 h5 13. Qa4 0-0-0 14. Nxc5 Qxc5 15. Qb5 Qe7 16. Rd1 Rdg8 17. Bd3 Nh6 18. Be3 g5 19. Bc5 Qd8 20. Bd6 f6 21. Qc5 Nf7 22. Nd4 Qd7 23. Bb5 fxe5 24. Nxc6 bxc6 25. Ba6+ Kd8 26. Qa5+ Ke8 27. Ba3 g4 28. Qb4 Qc7 29. Qb7 Qxb7 30. Bxb7 Kd7 31. Ba6 h4 32. Bc5 g3 33. fxg3 hxg3 34. h3 Ng5 35. Rf1 Rg7 36. Rf8 Rxf8 37. Bxf8 Rf7 38. Rf1 Rh7 39. Bc5 Ne4 40. Bd3 Rh4 41. Bxa7 Ng5 42. Be3 Ne4 43. Rf3 d4 44. cxd4 exd4 45. Rf4 Rxf4 46. Bxf4 Nf2 47. Be2 d3 48. Bf3 1-0

[Event "CRO-ch U15"]
[Site "Trogir"]
[Date "2019.06.19"]
[Round "4"]
[White "Mijic, Karlo"]
[Black "Mudrinic, Aleksandar"]
[Result "1/2-1/2"]
[WhiteElo "1486"]
[BlackElo "1747"]
[PlyCount "79"]
[EventDate "2019.06.17"]
[EventType "swiss"]
[EventRounds "9"]
[EventCountry "CRO"]
[SourceTitle "EXT 2020"]
[Source "ChessBase"]
[SourceDate "2019.10.17"]
[SourceVersion "1"]
[SourceVersionDate "2019.10.17"]
[SourceQuality "1"]

1. e4 e5 2. Nf3 Nc6 3. Bc4 Bc5 4. 0-0 d6 5. c3 Nf6 6. Re1 0-0 7. d3 h6 8. Be3 Bb6 9. Nbd2 Be6 10. Bb3 Ne7 11. d4 Ng6 12. Bc2 Ng4 13. Nf1 Nh4 14. Bc1 Nxf3+ 15. gxf3 Nf6 16. f4 exf4 17. Bxf4 Nh7 18. Ng3 Ng5 19. Bc1 Nh3+ 20. Kg2 Qf6 21. Rf1 Nf4+ 22. Kg1 Bh3 23. Re1 Ng2 24. Rf1 Nh4 25. f4 Bxf1 26. Qxf1 c5 27. Bd3 cxd4 28. c4 Ng6 29. Qf2 Qh4 30. Bd2 Ne7 31. Qg2 g5 32. fxg5 hxg5 33. Nf5 Nxf5 34. Bxg5 Qh7 35. exf5 f6 36. Bh6+ Kh8 37. Bxf8 Rxf8 38. Kh1 Rg8 39. Qe4 Qh3 40. Be2 1/2-1/2

[Event "CRO-ch U13"]
[Site "Trogir"]
[Date "2017.06.17"]
[Round "2"]
[White "Mudrinic, Aleksandar"]
[Black "Lesic, Kresimir"]
[Result "1-0"]
[WhiteElo "1655"]
[BlackElo "1399"]
[PlyCount "143"]
[EventDate "2017.06.17"]
[EventType "swiss"]
[EventRounds "9"]
[EventCountry "CRO"]
[SourceTitle "CBM 179 Extra"]
[Source "ChessBase"]
[SourceDate "2017.08.23"]
[SourceVersion "1"]
[SourceVersionDate "2017.08.23"]
[SourceQuality "1"]

1. e4 e5 2. Nf3 Nc6 3. Bc4 Nf6 4. d3 Bc5 5. c3 0-0 6. b4 Bb6 7. Bg5 d6 8. a4 a6 9. h3 h6 10. Bh4 Qe7 11. Nbd2 Be6 12. 0-0 Bxc4 13. Nxc4 Qe6 14. Nxb6 cxb6 15. Qc2 Rac8 16. Qa2 Ne7 17. Rfc1 Ng6 18. Qxe6 fxe6 19. Bg3 Nh5 20. Ne1 Nxg3 21. fxg3 d5 22. exd5 exd5 23. c4 Ne7 24. Nf3 dxc4 25. Rxc4 Rxc4 26. dxc4 e4 27. Nd2 e3 28. Nf3 Nf5 29. Kh2 Re8 30. Re1 e2 31. g4 Ne3 32. Nd4 Nxc4 33. Rxe2 Rxe2 34. Nxe2 a5 35. bxa5 bxa5 36. Kg3 Kf7 37. Kf4 Ke6 38. Ke4 Nd6+ 39. Kd4 b5 40. axb5 a4 41. Nc3 a3 42. b6 g5 43. Na2 Nb7 44. g3 Kd6 45. Nc3 Nc5 46. Nb5+ Kc6 47. Nxa3 Kxb6 48. Nc4+ Kc6 49. Ne5+ Kb5 50. Nf7 Kc6 51. Nxh6 Nd7 52. Nf7 Kc7 53. Nxg5 Kd6 54. Ne4+ Ke7 55. h4 Kf7 56. Kd5 Kg6 57. h5+ Kh6 58. Ke6 Nf8+ 59. Kf5 Nh7 60. g5+ Nxg5 61. Nxg5 Kxh5 62. Nf3 Kh6 63. g4 Kh7 64. g5 Kg7 65. g6 Kg8 66. Kf6 Kf8 67. g7+ Kg8 68. Nd2 Kh7 69. Kf7 Kh6 70. g8Q Kh5 71. Qg3 Kh6 72. Qg6# 1-0

[Event "CRO-ch U17"]
[Site "Vinkovci"]
[Date "2016.07.29"]
[Round "7"]
[White "Mudrinic, Aleksandar"]
[Black "Cigrovski, Jakov"]
[Result "1/2-1/2"]
[WhiteElo "1643"]
[BlackElo "1790"]
[PlyCount "82"]
[EventDate "2016.07.25"]
[EventType "swiss"]
[EventRounds "9"]
[EventCountry "CRO"]
[SourceTitle "CBM 173 Extra"]
[Source "ChessBase"]
[SourceDate "2016.08.29"]
[SourceVersion "1"]
[SourceVersionDate "2016.08.29"]
[SourceQuality "1"]

1. e4 c5 2. Nf3 d6 3. d4 cxd4 4. Nxd4 Nf6 5. Nc3 a6 6. Be3 e5 7. Nb3 Be6 8. Be2 Be7 9. 0-0 0-0 10. h3 Nbd7 11. f4 Qc7 12. f5 Bc4 13. Bxc4 Qxc4 14. Qd3 Qxd3 15. cxd3 Rfd8 16. g4 h6 17. Rf2 b5 18. Rg2 b4 19. Na4 d5 20. Nb6 Nxb6 21. Bxb6 Rdc8 22. Re2 d4 23. Rb1 Rc6 24. Ba5 Rac8 25. Ree1 Nd7 26. Rec1 Nb8 27. Rxc6 Rxc6 28. Rc1 Rxc1+ 29. Nxc1 Nc6 30. Bc7 a5 31. Nb3 a4 32. Na5 Nxa5 33. Bxa5 Bc5 34. b3 axb3 35. axb3 f6 36. Kg2 h5 37. Kg3 hxg4 38. hxg4 Kh7 39. Kh4 Kh6 40. Bd8 g5+ 41. fxg6 Kxg6 1/2-1/2

[Event "CRO-ch U17"]
[Site "Vinkovci"]
[Date "2016.07.27"]
[Round "4"]
[White "Leskovar, Viktor"]
[Black "Mudrinic, Aleksandar"]
[Result "1-0"]
[WhiteElo "1894"]
[BlackElo "1643"]
[PlyCount "117"]
[EventDate "2016.07.25"]
[EventType "swiss"]
[EventRounds "9"]
[EventCountry "CRO"]
[SourceTitle "CBM 173 Extra"]
[Source "ChessBase"]
[SourceDate "2016.08.29"]
[SourceVersion "1"]
[SourceVersionDate "2016.08.29"]
[SourceQuality "1"]

1. e4 e5 2. Nf3 Nc6 3. Bb5 Nf6 4. 0-0 Nxe4 5. Re1 Nd6 6. Nxe5 Be7 7. Ba4 0-0 8. c3 Nxe5 9. Rxe5 Nc4 10. Re1 d5 11. Bc2 f5 12. d4 Bg5 13. f4 Bf6 14. b3 Nd6 15. Ba3 Rf7 16. Bxd6 Qxd6 17. Qf3 Bd7 18. Nd2 c6 19. g3 Re7 20. Qd3 Rae8 21. Nf3 Rxe1+ 22. Rxe1 Rxe1+ 23. Nxe1 Qe6 24. Kf2 Kf7 25. Nf3 g6 26. Qe3 Qxe3+ 27. Kxe3 Ke6 28. Ne5 Be8 29. Bd1 Be7 30. Nd3 b6 31. b4 Kd6 32. Ba4 Kc7 33. Ne5 b5 34. Bd1 Kb6 35. g4 Bd6 36. h3 Bc7 37. Bc2 fxg4 38. hxg4 a5 39. a3 Bd8 40. g5 a4 41. Kf3 Kc7 42. Kg4 Bd7+ 43. Nxd7 Kxd7 44. f5 c5 45. dxc5 Bc7 46. f6 Bd8 47. Bd3 Kc6 48. f7 Be7 49. Kf4 Bf8 50. Ke5 Bg7+ 51. Ke6 Bf8 52. Kf6 Kd7 53. Bxb5+ Kc7 54. Bxa4 h5 55. gxh6 Bxh6 56. Kxg6 Bf8 57. Kh7 Kd8 58. Kg8 Ke7 59. c6 1-0

[Event "Osijek op"]
[Site "Osijek"]
[Date "2015.03.07"]
[Round "6"]
[White "Lovakovic, Franjo"]
[Black "Mudrinic, Aleksandar"]
[Result "1-0"]
[WhiteElo "1894"]
[BlackElo "1722"]
[PlyCount "111"]
[EventDate "2015.03.05"]
[EventType "swiss"]
[EventRounds "7"]
[EventCountry "CRO"]
[SourceTitle "CBM 165 Extra"]
[Source "ChessBase"]
[SourceDate "2015.04.21"]
[SourceVersion "1"]
[SourceVersionDate "2015.04.21"]
[SourceQuality "1"]

1. e4 e5 2. Nf3 Nc6 3. Bb5 a6 4. Ba4 b5 5. Bb3 Bc5 6. 0-0 Nf6 7. Nxe5 Nxe5 8. d4 Bxd4 9. Qxd4 Nc6 10. Qd3 d6 11. Bg5 h6 12. Bxf6 Qxf6 13. Nc3 0-0 14. Nd5 Qd8 15. c3 Bb7 16. f4 Na5 17. Bc2 Bxd5 18. exd5 f5 19. a4 Qd7 20. b4 Nb7 21. a5 c5 22. dxc6 Qxc6 23. Bb3+ Kh8 24. Bd5 Qc7 25. Bxb7 Qxb7 26. Qxd6 Rad8 27. Qc5 Rc8 28. Qd4 Qe4 29. Qxe4 fxe4 30. Rac1 Rc4 31. g3 Rfc8 32. Rfe1 Kh7 33. Re3 Rxb4 34. cxb4 Rxc1+ 35. Kf2 Rc4 36. Rb3 Kg6 37. g4 h5 38. h3 h4 39. Ke3 Kf6 40. Rb1 g5 41. Rb3 Kg6 42. Rb1 Kf6 43. Rd1 gxf4+ 44. Kxf4 Rxb4 45. Rd6+ Ke7 46. Rxa6 Rb3 47. Kxe4 Rxh3 48. Rb6 Rb3 49. Ke5 h3 50. Rb7+ Kd8 51. a6 h2 52. a7 Re3+ 53. Kd6 Rd3+ 54. Kc5 Rc3+ 55. Kb6 Rc8 56. Rh7 1-0

[Event "Osijek op"]
[Site "Osijek"]
[Date "2015.03.06"]
[Round "3"]
[White "Mudrinic, Aleksandar"]
[Black "Truscek, Dubravko"]
[Result "1/2-1/2"]
[WhiteElo "1722"]
[BlackElo "1811"]
[PlyCount "135"]
[EventDate "2015.03.05"]
[EventType "swiss"]
[EventRounds "7"]
[EventCountry "CRO"]
[SourceTitle "CBM 165 Extra"]
[Source "ChessBase"]
[SourceDate "2015.04.21"]
[SourceVersion "1"]
[SourceVersionDate "2015.04.21"]
[SourceQuality "1"]

1. e4 b6 2. Nf3 Bb7 3. Nc3 e6 4. d4 Bb4 5. e5 h6 6. Bd2 Be7 7. Bd3 d6 8. 0-0 Nd7 9. Re1 c5 10. exd6 Bxd6 11. d5 e5 12. Bb5 f6 13. Bd3 Ne7 14. Nb5 Nf8 15. Nxd6+ Qxd6 16. c4 Bc8 17. h3 Bd7 18. Bc2 Nf5 19. Bc3 0-0-0 20. Ba4 g5 21. Nxe5 Bxa4 22. Qxa4 fxe5 23. Bxe5 Qd7 24. Qxd7+ Nxd7 25. Bxh8 Rxh8 26. Rac1 Kc7 27. a3 Rh7 28. b4 Nd4 29. b5 Kd6 30. Rc3 Ne5 31. Kh2 Rf7 32. f3 Nexf3+ 33. Rxf3 Nxf3+ 34. gxf3 Rxf3 35. Re6+ Kd7 36. Rxh6 Rxa3 37. Rg6 Rc3 38. Rxg5 Rxc4 39. Rg7+ Kd6 40. Rxa7 Rb4 41. Rf7 Kxd5 42. Rf5+ Ke4 43. Rg5 Rxb5 44. h4 Kf4 45. Rd5 Kg4 46. h5 Rb3 47. Kg2 Rb2+ 48. Kf1 Kf3 49. Rd3+ Ke4 50. Rh3 Ra2 51. h6 Ra8 52. h7 Rh8 53. Ke2 Kd4 54. Kd2 Kc4 55. Kc2 Kb4 56. Kb2 c4 57. Rh2 b5 58. Rh3 Kc5 59. Rh5+ Kd4 60. Rh3 b4 61. Rh4+ Kc5 62. Rh5+ Kb6 63. Rh4 Ka5 64. Rh5+ Ka4 65. Ka2 b3+ 66. Kb2 Kb4 67. Rh4 Kc5 68. Rh5+ 1/2-1/2